Využitie GCxGC v analýze vybraných potravín dizertačná práca

Enregistré dans:
Détails bibliographiques
Auteur principal: Jánošková, Nikoleta
Format: Livre
Langue:slovaque
Publié: Bratislava STU FCHPT 2014
Accès en ligne:Voir à l'OPAC
Tags: Ajouter un tag
Pas de tags, Soyez le premier à ajouter un tag!

MARC

LEADER 00000nam a2200000 a 4500
005 20260127134159.0
008 160226 2014 000 0 slo d
035 |a vtls011508312 
039 9 |y 201602260932  |z mschk02 
040 |a STUSCHK1  |b slo  |c STUSCHK1  |e AACR2 
100 1 |a Jánošková, Nikoleta 
245 1 |a Využitie GCxGC v analýze vybraných potravín  |b dizertačná práca  |c Nikoleta Jánošková 
260 |a Bratislava  |b STU FCHPT  |c 2014 
300 |a 54 s.  |b il.  |c 24 cm 
500 |a Školiace pracovisko: Ústav analytickej chémie 
910 |a SCHK95 
999 |c 5993  |d 5993